000 00488nam a22001697a 4500
005 20240723142506.0
008 240723b |||||||| |||| 00| 0 eng d
022 _a00382396
041 _aEnglish/Afrikaans
082 _a349 SOU
100 _lEnglish/Afrikaans
245 _aSouth African Law Reports
260 _aCape Town:
_bJuta and Company Ltd,
_c2023
300 _bxl, 641 pages;
_c26 cm.
650 _aLegal practice
_bLaw
942 _cBK
_6ALISON_BN_VRIES
999 _c2237
_d2237